000
00254nam a2200097Ia 4500
001
677938
005
20250826161028.0
008
250824s9999 xx 000 0 und d
245
0
_a
PAL SOKAĞI ÇOCUKLARI
_c
GÜLTEN DAYIOĞLU
260
_b
YAPI KREDİ YAYINLARI
999
_c
677938
_d
677938